000 00637nam a2200229Ia 4500
003 OSt
005 20221007074750.0
006 a|||||r|||| 00| 0
007 ta
008 221006b |||||||| |||| 00| 0 eng d
024 _a28,801
037 _cTextual
040 _aFLL
_cFLL
_beng
041 _2eng
_aeng
082 _aD65,8(B):Z2, P4
100 _aRao S.V. Joga
_9684654
245 0 _aLaw of cyber crimes & information technology law
260 _aNagpur
_bWadhwa and Company India
_c2004
300 _axxxiv,1036p
_ccm.
942 _hD65,8(B):Z2, P4
_cTEXL
_2CC
999 _c1153593
_d1153593